LIBRARY ONLINE CATALOGUE

Living in God's two kingdoms : (Record no. 21284)

MARC details
000 -LEADER
fixed length control field 01669cam a2200397 a 4500
001 - CONTROL NUMBER
control field 16178368
003 - CONTROL NUMBER IDENTIFIER
control field OSt
005 - DATE AND TIME OF LATEST TRANSACTION
control field 20260218152152.0
008 - FIXED-LENGTH DATA ELEMENTS--GENERAL INFORMATION
fixed length control field 100408s2010 ilu b 001 0 eng
010 ## - LIBRARY OF CONGRESS CONTROL NUMBER
LC control number 2010015155
020 ## - INTERNATIONAL STANDARD BOOK NUMBER
International Standard Book Number 9781433514043
Qualifying information tpb
020 ## - INTERNATIONAL STANDARD BOOK NUMBER
International Standard Book Number 9781433514050
Qualifying information pdf
020 ## - INTERNATIONAL STANDARD BOOK NUMBER
International Standard Book Number 9781433514067
Qualifying information mobipocket
020 ## - INTERNATIONAL STANDARD BOOK NUMBER
International Standard Book Number 9781433524523
Qualifying information ePub
035 ## - SYSTEM CONTROL NUMBER
System control number 16178368
040 ## - CATALOGING SOURCE
Original cataloging agency DLC
Transcribing agency DLC
Modifying agency DLC
050 00 - LIBRARY OF CONGRESS CALL NUMBER
Classification number BR115.C8
Item number V295 2010
082 00 - DEWEY DECIMAL CLASSIFICATION NUMBER
Classification number 261
Edition number 22
100 1# - MAIN ENTRY--PERSONAL NAME
Personal name VanDrunen, David,
Dates associated with a name 1971-
245 10 - TITLE STATEMENT
Title Living in God's two kingdoms :
Remainder of title a biblical vision for Christianity and culture /
Statement of responsibility, etc. David VanDrunen.
260 ## - PUBLICATION, DISTRIBUTION, ETC. (IMPRINT)
Place of publication, distribution, etc. Wheaton, Ill. :
Name of publisher, distributor, etc. Crossway,
Date of publication, distribution, etc. c2010.
300 ## - PHYSICAL DESCRIPTION
Extent 208 p. ;
Dimensions 22 cm.
336 ## - CONTENT TYPE
Content type term text
Content type code txt
Source rdacontent
337 ## - MEDIA TYPE
Media type term unmediated
Media type code n
Source rdamedia
338 ## - CARRIER TYPE
Carrier type term volume
Carrier type code nc
Source rdacarrier
504 ## - BIBLIOGRAPHY, ETC. NOTE
Bibliography, etc Includes bibliographical references and index.
505 0# - FORMATTED CONTENTS NOTE
Formatted contents note Introduction : Christianity, culture, and the two kingdoms -- First things and last things -- Living in Babylon -- Christian life in two kingdoms.
520 ## - SUMMARY, ETC.
Summary, etc. By focusing on God's response to each kingdom--his preservation of the civil society and his redemption of the spiritual kingdom--VanDrunen teaches readers how to live faithfully in each sphere. --from publisher description
650 #0 - SUBJECT ADDED ENTRY--TOPICAL TERM
Topical term or geographic name as entry element Christianity and culture.
650 #0 - SUBJECT ADDED ENTRY--TOPICAL TERM
Topical term or geographic name as entry element Reformed Church
General subdivision Doctrines.
650 #0 - SUBJECT ADDED ENTRY--TOPICAL TERM
Topical term or geographic name as entry element Two kingdoms (Lutheran theology)
906 ## - LOCAL DATA ELEMENT F, LDF (RLIN)
a 7
b cbc
c orignew
d 1
e ecip
f 20
g y-gencatlg
942 ## - ADDED ENTRY ELEMENTS (KOHA)
Source of classification or shelving scheme Library of Congress Classification
Koha item type General Collection
Holdings
Withdrawn status Lost status Source of classification or shelving scheme Not for loan Home library Current library Shelving location Date acquired Source of acquisition Inventory number Total Checkouts Full call number Barcode Date last seen Copy number Price effective from Koha item type
    Library of Congress Classification   Kabarak, Main Campus Kabarak, Main Campus General Stacks 18/02/2026 Donation 2025/3385   BR115.C8 V295 2010 C.1 38577 18/02/2026 C.1 18/02/2026 General Collection